| 000 | 00589nam a2200193 i 4500 | ||
|---|---|---|---|
| 001 | 90849 | ||
| 003 | ES-MaACL | ||
| 005 | 20230906180557.0 | ||
| 007 | t| | ||
| 008 | 050125s1968 sp ||||1| spa d | ||
| 100 | 1 |
_aLecuona, Juan María. _971123 |
|
| 245 | 1 | 0 |
_aIdeario ascético-pastoral de Fray Bartolomé de los Mártires, O.P. (1514-1590) / _cJuan María Lecuona. |
| 260 |
_aVitoria : _bEset, _c1968. |
||
| 300 |
_a242 p. ; _c24 cm. |
||
| 490 | 1 |
_aVictoriensia ; _v30 |
|
| 830 | 0 |
_aVictoriensia ; _v30 _9181754 |
|
| 852 |
_aES-MaACL _jC-46080 _bR.66597 |
||
| 999 |
_c90849 _d90849 |
||